000 00562nam a22001697a 4500
003 OSt
005 20171010095510.0
008 120813t xxu||||| |||| 00| 0 eng d
040 _aMMSU
_cULS
100 _aDe Leon, Mari Sailani G.
_912055
245 _aMga piling awiting-bayang Iluko: isang pagsusuri
_cMari Sailani G. De Leon
260 _c1999
300 _axv, 148 leaves
_c28 cm.
500 _aThesis (MA Education-Filipino) -- Mariano Marcos State University-Graduate School, Laoag City
504 _aBibliography: leaves 110-115
942 _2ddc
_cTHEDIS
999 _c9710
_d9710